00337nam a22001217a 450000500170000002000100001703500130002703700130004010000170005324500710007026000500014130000240019120120410142654.0 c00.00 aA-415876 aDPLbENG aSethna, K.D. aBlake's tyger :bA christological Interpretation /cby K.D. Sethna aPondicherrybSri Aurobindo Ashram Pressc1989 avii, 275p.c18 cms.